Normal view
MARC view
Entry Personal Name
001 - CONTROL NUMBER
- control field: 722
003 - CONTROL NUMBER IDENTIFIER
- control field: BD-RjUL
005 - DATE AND TIME OF LATEST TRANSACTION
- control field: 20220113140129.0
008 - FIXED-LENGTH DATA ELEMENTS
- fixed length control field: 220113|| aca||aabn | a|a d
040 ## - CATALOGING SOURCE
- Original cataloging agency: BD-RjUL
- Transcribing agency: BD-RjUL
100 ## - HEADING--PERSONAL NAME
- Personal name: Abū Tammām Ḥabīb ibn Aws al-Ṭāʼī,
- Dates associated with a name: active 808-842
670 ## - SOURCE DATA FOUND
- Source citation: Work cat.: (BD-RjUL)78196: شيباني, الخطيب التبريزي أبو زكريا يحيى بن علي بن محمد بن حسن ;; -Shaibani, Al-Khatib Al-Tabrizi Abu Zakaria Yahya bin Ali bin Muhammad bin Hassan bin Bastam -1109. 246908, شرح ديوان الحماسة ;; Sharḥ Dīwān al-ḥamāsah :, 2000.